000 00732nam a2200241 i 4500
003 DO-SdBNP
005 20240523152810.0
007 ta
008 240523s199u dr o 000 0 spa d
040 _aDO-SdBNP
_bspa
_cBNPHU
_erda
082 _222
_bL956
100 _aLulo G., Ruben
_964805
_eautor
245 1 0 _aCosas y gentes de mi pueblo /
_cRubén Lulo Gitte
260 _b[s.n.],
_c[1991].
264 1 _a[Moca, República Dominicana] :
_b[editor no identificado],
_c[199-].
300 _a104 páginas
_bfotografías
_c21 cm.
336 _2rdacontent
_atexto
_btxt
337 _2rdamedia
_asin mediación
_bn
338 _2rdacarrier
_avolumen
_bnc
590 _aInventariado, 2024/ YL
910 _aYLockward
942 _2ddc
_cLBS1
999 _c37951
_d37951